El libro de los valores / (Record no. 94121)

MARC details
000 -LEADER
campo de control de longitud fija 00525nam a2200193 4500
001 - NÚMERO DE CONTROL
campo de control 4656
005 - FECHA Y HORA DE LA ÚLTIMA TRANSACCIÓN
campo de control 20230410142343.0
008 - DATOS DE LONGITUD FIJA--INFORMACIÓN GENERAL
campo de control de longitud fija 060907n1996 dr spa
020 ## - NÚMERO INTERNACIONAL ESTÁNDAR DEL LIBRO
Número Internacional Estándar del Libro 8408019007
035 ## - NÚMERO DE CONTROL DEL SISTEMA
-- funglode4693
041 ## - CÓDIGO DE IDIOMA
Código de lengua del texto/banda sonora o título independiente ES
050 14 - SIGNATURA TOPOGRÁFICA DE LA BIBLIOTECA DEL CONGRESO
Número de clasificación BX 1587 V7161 1996
100 ## - ENTRADA PRINCIPAL--NOMBRE DE PERSONA
Nombre de persona Villapalos, Gustavo
245 13 - MENCIÓN DEL TÍTULO
Título El libro de los valores /
Mención de responsabilidad, etc. Gustavo Villapalos, Alfonso López Quintás
260 ## - PUBLICACIÓN, DISTRIBUCIÓN, ETC.
Lugar de publicación, distribución, etc. Barcelona :
Nombre del editor, distribuidor, etc. Planeta,
Fecha de publicación, distribución, etc. 1996
300 ## - DESCRIPCIÓN FÍSICA
Extensión 453 p.
700 ## - ENTRADA AGREGADA--NOMBRE PERSONAL
Nombre de persona Quintás López, Alfonso
942 ## - ELEMENTOS DE ENTRADA SECUNDARIOS (KOHA)
Fuente del sistema de clasificación o colocación Clasificación de Library of Congress
Tipo de ítem Koha
Holdings
Estatus retirado Estado de pérdida Fuente del sistema de clasificación o colocación Estado de daño No para préstamo Colección Biblioteca de origen Biblioteca actual Ubicación en estantería Fecha de adquisición Serial enumeration / chronology Signatura topográfica completa Código de barras Visto por última vez Tipo de ítem Koha
    Clasificación de Library of Congress     Humanidades Biblioteca Juan Bosch Biblioteca Juan Bosch Humanidades (4to. Piso) 17/11/2018 1 BX 1587 V7161 1996 00000006820 17/11/2018